000 nam a22 a 4500
999 _c490169
_d490169
003 BLK
005 20230328124053.0
008 230324b bu |||||r|||| 00| | bu d
020 _a978-973-1848-72-3
040 _aBLK
041 _aROM
_cDRU
080 _aАнглийска литература
_b821.111
_x-31
_z821.111-31
100 _9387545
_aScott, Walter
139 _aScott, Walter
_bS 41
245 _aIvanhoe
_cWalter Scott ; trad. Petre Solomon
260 _9216607
_aBucuresti
_bAdevarul
_c2008
_n978-606-
300 _a258 p.
_c20 cm
380 _aX
490 _aBiblioteca Adevarul
_9486986
490 _a100 de opere esentiale
_v10
_9487022
500 _aОриг. загл. Ivanhoe / Walter Scott
700 _9487125
_aSolomon, Petre
_etrad.
856 _i0.00
_ldisable
942 _cKNG
_n0
_s1
944 _aCR
_c2023-03-24
_kГГГ
999 _d490169